000 00588nam a2200181 i 4500
001 96441
003 ES-MaACL
007 t|
008 050617s1909 fr ||||1| fre d
100 1 _aMailath, Joseph de.
_975570
245 1 3 _aLa Hongrie rurale sociale et politique /
_cpar le Comte Joseph de Mailath; préface de M. René Henry.
260 _aParis :
_bAlcan,
_c1909.
300 _a3 h., VIII, 356 p. ;
_c23 cm.
490 1 _aBibliothèque d'histoire contemporaine
830 0 _aBibliothèque d'histoire contemporaine
_9180875
852 _aES-MaACL
_jG-7189
999 _c96441
_d96441